000 00563pam a2200205 a 4500
001 2924604
005 20180228034251.0
008 890308s1989 inua 000 0 eng
010 _a 89001407
020 _a0912083328
040 _aDLC
_cDLC
_dDLC
041 _aeng
080 _a796.357019 DOR
082 0 0 _a796.357019 DOR
_220
100 1 _a8
101 _aEKLZ
245 1 4 _aThe mental game of baseball :
_cby H.A. Dorfman and Karl Kuehl.
906 _a7
_bcbc
_corignew
_d1
_eocip
_f19
_gy-gencatlg
942 _2ddc
_cBK
999 _c43676
_d43676